000 00737nam a2200253Ia 4500
003 OSt
005 20220928125012.0
006 a|||||r|||| 00| 0
007 ta
008 220927b |||||||| |||| 00| 0 eng d
020 _c225
024 _a119733
037 _b155, 01/10/2013, Classic Book Service
_cTextual
040 _aSDCL
_cSDCL
_beng
041 _2eng
_aeng
082 _aV2:58'P, Q3
100 _aNaib Sudhir
_9462979
245 0 _aRight to information in India.
260 _aNew Delhi
_bOcxford University Press
_c2013
300 _axvi;236p.
_ccm.
650 _aPolitical Science
942 _hV2:58'P, Q3
_cTEXL
_2CC
999 _c780386
_d780386